000170103 001__ 170103
000170103 005__ 20260318155254.0
000170103 0247_ $$2doi$$a10.55422/bbmp.1022
000170103 0248_ $$2sideral$$a148639
000170103 037__ $$aART-2025-148639
000170103 041__ $$adeu
000170103 100__ $$0(orcid)0000-0003-0199-0897$$aBeltrán Almería, Luis$$uUniversidad de Zaragoza
000170103 245__ $$aEl nacimiento de la autobiografía
000170103 260__ $$c2025
000170103 5060_ $$aAccess copy available to the general public$$fUnrestricted
000170103 5203_ $$aLa relación entre autobiografía y retórica se explica por sus orígenes en la Antigüedad. Platón con su Carta VII e Isócrates con su Antidosis fundan un género que tendrá un lugar de capital importancia en la historia cultural de Occidente. Las aproximaciones más relevantes a este género son las de Georg Misch y Philippe Lejeune. Lejeune ha opacado a Misch, a pesar de que sus méritos no resisten comparación.
000170103 540__ $$9info:eu-repo/semantics/openAccess$$aby-nc$$uhttps://creativecommons.org/licenses/by-nc/4.0/deed.es
000170103 655_4 $$ainfo:eu-repo/semantics/article$$vinfo:eu-repo/semantics/publishedVersion
000170103 7102_ $$13013$$2796$$aUniversidad de Zaragoza$$bDpto. Lingüíst.y Liter.Hispán.$$cÁrea Teor.Liter.y Liter.Compa.
000170103 773__ $$g101, 1 (2025), 341-352$$pBol. Bibl. Menéndez Pelayo$$tBoletín de la Biblioteca de Menéndez Pelayo$$x0006-1646
000170103 8564_ $$s249746$$uhttps://zaguan.unizar.es/record/170103/files/texto_completo.pdf$$yVersión publicada
000170103 8564_ $$s897287$$uhttps://zaguan.unizar.es/record/170103/files/texto_completo.jpg?subformat=icon$$xicon$$yVersión publicada
000170103 909CO $$ooai:zaguan.unizar.es:170103$$particulos$$pdriver
000170103 951__ $$a2026-03-18-13:52:20
000170103 980__ $$aARTICLE